Sports Quiz

Random Sports or Country Quiz
Score 0/88 Timer 15:00
0 Plays Today
Game Player % Correct
World Cup Final 2006Andrea Pirlo
93.2%
UEFA Champions League Final 2008Cristiano Ronaldo
93.2%
UEFA Champions League Final 2005Andrea Pirlo
93.2%
Euro 2012 Quarter FinalSteven Gerrard
93.2%
Euro 2012 Quarter FinalAndrea Pirlo
93.2%
League Cup Final 2012Anthony Gerrard
93.2%
League Cup Final 2012Steven Gerrard
93.2%
FA Cup Final 2005Cristiano Ronaldo
93.2%
Euro 2012 Quarter FinalWayne Rooney
90.4%
FA Cup Final 2005Wayne Rooney
90.4%
UEFA Champions League Final 2008Frank Lampard
89%
UEFA Champions League Final 2008John Terry
89%
UEFA Champions League Final 2008Ryan Giggs
86.3%
UEFA Champions League Final 2008Nicolas Anelka
84.9%
UEFA Champions League Final 2008Ashley Cole
83.6%
Euro 2012 Quarter FinalAshley Cole
83.6%
FA Cup Final 2005Ashley Cole
83.6%
UEFA Champions League Final 2005Andriy Shevchenko
80.8%
World Cup Final 2006David Trezeguet
79.5%
UEFA Champions League Final 2008Nani
79.5%
Euro 2012 Semi FinalNani
79.5%
FA Cup Final 2005Paul Scholes
79.5%
Euro 2012 Semi FinalXabi Alonso
78.1%
Euro 2012 Semi FinalAndreas Iniesta
78.1%
FA Cup Final 2005Patrick Vieira
74%
World Cup Final 2006Alessandro DelPiero
72.6%
UEFA Champions League Final 2008Michael Carrick
72.6%
Euro 2012 Semi FinalCesc Fabregas
72.6%
World Cup 2010 Quarter FinalDiego Forlan
72.6%
World Cup Final 2006Fabio Grosso
71.2%
Game Player % Correct
UEFA Champions League Final 2008Carlos Tevez
71.2%
World Cup Final 2006Marco Materazzi
69.9%
Euro 2012 Quarter FinalMario Balotelli
69.9%
UEFA Champions League Final 2008Anderson
68.5%
Euro 2012 Quarter FinalAshley Young
68.5%
UEFA Champions League Final 2008Michael Ballack
67.1%
Euro 2012 Semi FinalPique
67.1%
UEFA Champions League Final 2005Vladimir Smicer
65.8%
Euro 2012 Semi FinalSergio Ramos
64.4%
UEFA Champions League Final 2005Kaka
63%
World Cup 2010 Quarter FinalAsamoah Gyan
61.6%
UEFA Champions League Final 2005Dietmar Hamann
58.9%
UEFA Champions League Final 2005John Arne Riise
57.5%
World Cup Final 2006Sylvain Wiltord
56.2%
UEFA Champions League Final 2008Salomon Kalou
56.2%
UEFA Champions League Final 2005Djibril Cisse
56.2%
FA Cup Final 2005Ruud VanNistelrooy
56.2%
UEFA Champions League Final 2008Owen Hargreaves
54.8%
World Cup Final 2006Daniele DeRossi
52.1%
League Cup Final 2012Dirk Kuyt
52.1%
Euro 2012 Semi FinalPepe
50.7%
League Cup Final 2012Glen Johnson
49.3%
FA Cup Final 2005Fredrik Ljungberg
49.3%
FA Cup Final 2005Roy Keane
45.2%
World Cup 2010 Last 16Keisuke Honda
45.2%
League Cup Final 2012Stewart Downing
42.5%
World Cup Final 2006Willy Sagnol
41.1%
FA Cup Final 2005Lauren
41.1%
FA Cup Final 2005Robin VanPersie
39.7%
World Cup Final 2006Eric Abidal
38.4%
Game Player % Correct
UEFA Champions League Final 2005Serginho
38.4%
Euro 2012 Semi FinalJoao Moutinho
38.4%
League Cup Final 2012Charlie Adam
38.4%
Euro 2012 Quarter FinalAlessandro Diamanti
37%
UEFA Champions League Final 2008Juliano Belletti
32.9%
UEFA Champions League Final 2005Jon Dahl Tomasson
32.9%
Euro 2012 Quarter FinalRiccardo Montolivo
31.5%
Euro 2012 Semi FinalBruno Alves
31.5%
World Cup 2010 Quarter FinalJohn Mensah
26%
World Cup 2010 Quarter FinalSebastian Abreu
24.7%
World Cup 2010 Last 16Oscar Cardozo
23.3%
World Cup 2010 Quarter FinalStephen Appiah
21.9%
Euro 2012 Quarter FinalAntonio Nocerino
20.5%
World Cup 2010 Last 16Nelson Valdez
20.5%
World Cup 2010 Last 16Yasuhito Endo
20.5%
World Cup 2010 Quarter FinalMaximiliano Pereira
20.5%
League Cup Final 2012Peter Whittingham
16.4%
World Cup 2010 Last 16Lucas Barrios
16.4%
World Cup 2010 Last 16Cristian Riveros
11%
World Cup 2010 Last 16Makoto Hasebe
11%
League Cup Final 2012Kenny Miller
8.2%
World Cup 2010 Quarter FinalDominic Adiyiah
8.2%
World Cup 2010 Last 16Edgar Barreto
6.8%
World Cup 2010 Last 16Yuichi Komano
6.8%
League Cup Final 2012Rudy Gestede
5.5%
World Cup 2010 Quarter FinalMauricio Victorino
5.5%
World Cup 2010 Quarter FinalAndres Scotti
5.5%
League Cup Final 2012Don Cowie
4.1%

You're not logged in!

Compare scores with friends on all Sporcle quizzes.
OR
Log In

Sporcle TV

Today on Sporcle TV


Watch our educational content, quiz creation guides, and fun videos on Sporcle TV.

Show Comments

Extras

Top Quizzes Today


Score Distribution

Paid Content

Your Account Isn't Verified!

In order to create a playlist on Sporcle, you need to verify the email address you used during registration. Go to your Sporcle Settings to finish the process.

Report this User

Report this user for behavior that violates our Community Guidelines.

Details: